00406pab a2200145 454500008004000000100001900040245003500059260000900094300001200103362001000115650003400125650002500159650004200184773003400226180718b1995 xxu||||| |||| 00| 0 eng d aIlaiah, Kancha aBeware of bureaucratic `Doras' c1995 ap.22-24 a7 Jan aPersonnel, Public - Pay Plans aFifth Pay Commission aCivil Service - Salaries etc. - India aEconomic and Political Weekly